| 000 | 00760nam a22002177a 4500 | ||
|---|---|---|---|
| 999 |
_c17419 _d17419 |
||
| 003 | AR-CdUCM | ||
| 008 | 190304b ||||| |||| 00| 0 spa d | ||
| 040 |
_aMUNICIPALIDAD PROVINCIAL DEL CUSCO _cBIBLIOTECA MUNICIPAL DEL CUSCO |
||
| 082 |
_a370.4 / _bF83 |
||
| 100 |
_aFreire, Paulo _91939 |
||
| 245 | _aPedagogia del Oprimido / | ||
| 260 |
_aBarcelona : _bBiblioteca nueva, |
||
| 300 |
_a250 paginas ; _c18cm. |
||
| 505 | _aContenido :Justificación de la pedagogía del oprimido -- La concepción bancaria de la educación -- La dialogicidad ... | ||
| 650 |
_aEducación y clases sociales _98772 |
||
| 650 |
_aAreas Subdesarrolladas _96163 |
||
| 650 |
_aHistoria _9136 |
||
| 650 |
_aLiteratura _983 |
||
| 942 |
_2ddc _cLIBROS |
||
| 945 |
_arum _d2019-05-08 |
||